| 000 | 01259nam a2200313 4500 | ||
|---|---|---|---|
| 001 | 0000020613 | ||
| 003 | CO-CtgCURN | ||
| 005 | 20250331184425.0 | ||
| 007 | ta | ||
| 008 | 160627s2002 000 0 eng d | ||
| 020 | _a9583800856 | ||
| 040 |
_aCO-CtgCURN _bspa _ccoctgcurn |
||
| 082 | 0 |
_a342.861 _bG19s |
|
| 100 | 1 | _aGaviria Díaz, Carlos. | |
| 245 | 1 | 0 |
_aSentencias : _bherejias constitucionales / _cCarlos Gaviria Díaz. |
| 260 |
_aBogotá : _bFondo de Cultura Economica, _c2002. |
||
| 300 | _axxv, 453 p. | ||
| 336 | _2rdacontent | ||
| 337 |
_2rdamedia _asin mediacion _bn |
||
| 338 |
_2rdacarrier _avolumen _bnc |
||
| 490 | 1 | _aSección de Obras de Política y Derecho | |
| 505 | 8 | _aLa autonotomia personal.--Liberta de opinion y libertad de informacion.--Principio de igualdad.--La familia en la constitucion de 1991.--Funciones judicales del congreso.--La Cobardia y el honor militar.--Extradicion y debido proceso.--Ignorancia de la ley | |
| 650 | 1 | 4 |
_aSentencias de tutela _zColombia. |
| 730 | 0 | _aJuan Luis Londoño Colección. | |
| 908 | _a160627 | ||
| 942 |
_cBK _h342.861 _iG19s _2ddc |
||
| 999 |
_c19184 _d19184 |
||